| 000 | 00527cam a2200205ua 4500 | ||
|---|---|---|---|
| 001 | 2196 | ||
| 005 | 20260515113446.0 | ||
| 008 | 110806n ii |||gr||||Z||||||eng | ||
| 020 | _a978-81-8318-755-8 | ||
| 040 | _cMAIN | ||
| 082 | _a519.5 | ||
| 100 |
_aGupta, S. C., _eAuthor. |
||
| 245 | 1 |
_aFundamentals of statistics _cby S. C. Gupta |
|
| 250 | _a6th. | ||
| 260 |
_aNew Delhi: _bHimalaya publishing house, _c2008. |
||
| 300 |
_a25.52p: _c25cm. |
||
| 653 | _aEducation | ||
| 653 | _aFundamentals of statistics | ||
| 942 | _cBK | ||
| 999 |
_c2062 _d2062 |
||